[Event "ROM-chT2"]
[Site "Sovata"]
[Date "1997.??.??"]
[Round "9"]
[White "Catoiu, Adrian"]
[Black "Mateica, Mircea"]
[Result "1/2-1/2"]
[WhiteElo "2095"]
[BlackElo "2105"]
[PlyCount "24"]
[EventDate "1997.10.??"]
[EventType "tourn"]
[EventRounds "7"]
[EventCountry "ROU"]
[SourceTitle "EXT 2000"]
[Source "ChessBase"]
[SourceDate "1999.11.16"]
[SourceVersion "1"]
[SourceVersionDate "1999.11.16"]
[SourceQuality "1"]

1. e4 c5 2. Nf3 e6 3. d4 cxd4 4. Nxd4 Nf6 5. Nc3 Bb4 6. Bd2 0-0 7. Bd3 Nc6 8. Nxc6 dxc6 9. 0-0 e5 10. a3 Ba5 11. Qe2 Bg4 12. f3 Be6 1/2-1/2

[Event "ROM-chT2"]
[Site "Sovata"]
[Date "1997.??.??"]
[Round "3"]
[White "Catoiu, Adrian"]
[Black "Nacu, Miron"]
[Result "1/2-1/2"]
[WhiteElo "2095"]
[BlackElo "1765"]
[PlyCount "21"]
[EventDate "1997.10.??"]
[EventType "tourn"]
[EventRounds "7"]
[EventCountry "ROU"]
[SourceTitle "EXT 2000"]
[Source "ChessBase"]
[SourceDate "1999.11.16"]
[SourceVersion "1"]
[SourceVersionDate "1999.11.16"]
[SourceQuality "1"]

1. Nf3 Nf6 2. g3 g6 3. Bg2 Bg7 4. 0-0 0-0 5. d4 d6 6. c3 Nc6 7. Re1 Nd7 8. Nbd2 e5 9. dxe5 Ndxe5 10. Nxe5 Nxe5 11. Nf3 1/2-1/2

[Event "ROM-chT2"]
[Site "Sovata"]
[Date "1997.??.??"]
[Round "4"]
[White "Gilea, Lucian"]
[Black "Catoiu, Adrian"]
[Result "1-0"]
[WhiteElo "1710"]
[BlackElo "2095"]
[PlyCount "99"]
[EventDate "1997.10.??"]
[EventType "tourn"]
[EventRounds "7"]
[EventCountry "ROU"]
[SourceTitle "EXT 2000"]
[Source "ChessBase"]
[SourceDate "1999.11.16"]
[SourceVersion "1"]
[SourceVersionDate "1999.11.16"]
[SourceQuality "1"]

1. d4 d5 2. Nf3 Nf6 3. Bg5 Nbd7 4. Nbd2 c6 5. c3 Qc7 6. e3 e6 7. Bd3 Bd6 8. e4 dxe4 9. Nxe4 Nxe4 10. Bxe4 h6 11. Bd2 Nf6 12. Bd3 Bd7 13. 0-0 g5 14. Re1 0-0-0 15. c4 Be8 16. g3 Rg8 17. Bc3 Be7 18. b4 g4 19. Ne5 Nd7 20. Nxd7 Bxd7 21. d5 h5 22. c5 Bxc5 23. bxc5 cxd5 24. Qd2 Bc6 25. Bf6 Rd7 26. Bh7 Re8 27. Qd4 Qa5 28. a4 Kb8 29. Reb1 Ka8 30. Rb4 e5 31. Bxe5 Rde7 32. Bd6 Re1+ 33. Rxe1 Rxe1+ 34. Kg2 Re6 35. Bd3 f6 36. Bf4 a6 37. Bd2 Qc7 38. Bf4 Qd7 39. Bf5 Qe7 40. Bxe6 Qxe6 41. Rb3 Qe4+ 42. Qxe4 dxe4 43. a5 f5 44. Rb6 Ka7 45. Rxc6 bxc6 46. Kf1 Kb7 47. Ke2 Kc8 48. Ke3 Kd7 49. Kd4 Ke6 50. Bg5 1-0

[Event "ROM-chT"]
[Site "Calarasi"]
[Date "1995.??.??"]
[Round "?"]
[White "Catoiu, Adrian"]
[Black "Florescu, Codrut Constantin"]
[Result "0-1"]
[WhiteElo "2160"]
[BlackElo "2330"]
[PlyCount "71"]
[EventDate "1995.??.??"]
[EventType "team-tourn"]
[EventRounds "9"]
[EventCountry "ROU"]
[SourceTitle "EXT 1999"]
[Source "ChessBase"]
[SourceDate "1998.11.16"]
[SourceVersion "1"]
[SourceVersionDate "1998.11.16"]
[SourceQuality "1"]

1. Nf3 Nf6 2. g3 b6 3. Bg2 Bb7 4. 0-0 e6 5. d4 Be7 6. c3 0-0 7. Nbd2 c5 8. Re1 d5 9. Qc2 Qc7 10. Nf1 Nc6 11. Bf4 Qc8 12. Rac1 h6 13. Red1 Rd8 14. Ne5 Nxe5 15. dxe5 Nd7 16. h4 g5 17. hxg5 hxg5 18. Bd2 Nxe5 19. f4 gxf4 20. Bxf4 Ng6 21. e4 e5 22. Be3 d4 23. Bf2 Kg7 24. c4 Rh8 25. Rd3 Bc6 26. Qe2 Bd7 27. Be1 Bg5 28. Rc2 Rh6 29. Bd2 Bxd2 30. Rcxd2 Be6 31. b3 Qh8 32. Qf3 Kf8 33. Rf2 Ke7 34. a4 Rg8 35. a5 Nf4 36. gxf4 0-1

[Event "ROM-chT"]
[Site "Calarasi"]
[Date "1995.??.??"]
[Round "?"]
[White "Catoiu, Adrian"]
[Black "Milu, Romeo Sorin"]
[Result "0-1"]
[WhiteElo "2160"]
[BlackElo "2415"]
[PlyCount "84"]
[EventDate "1995.??.??"]
[EventType "team-tourn"]
[EventRounds "9"]
[EventCountry "ROU"]
[SourceTitle "EXT 1999"]
[Source "ChessBase"]
[SourceDate "1998.11.16"]
[SourceVersion "1"]
[SourceVersionDate "1998.11.16"]
[SourceQuality "1"]

1. Nf3 Nf6 2. g3 g6 3. Bg2 Bg7 4. 0-0 0-0 5. d4 d6 6. c3 c6 7. Re1 d5 8. e4 Nxe4 9. Na3 Nd7 10. Nc2 Re8 11. Nd2 Nxd2 12. Bxd2 e5 13. dxe5 Nxe5 14. Bf4 Bg4 15. Qd2 Qd7 16. Bxe5 Bxe5 17. Ne3 Be6 18. Rad1 Bg7 19. a3 Rad8 20. Nc2 Bg4 21. Rxe8+ Rxe8 22. Re1 Rxe1+ 23. Qxe1 c5 24. Ne3 Be6 25. Nd1 b6 26. h4 h5 27. Qe3 d4 28. Qe4 Bb3 29. Qe2 Qf5 30. cxd4 cxd4 31. Qd2 a5 32. Bf1 Qb1 33. Be2 d3 34. Bf3 Qc2 35. Qe1 Bxb2 36. Qe8+ Kg7 37. Qd8 Qb1 38. Qxb6 Bxd1 39. Bg2 Bf3+ 40. Kh2 Bxg2 41. Kxg2 Qc2 42. Qxa5 d2 0-1

[Event "ROM-chT"]
[Site "Calarasi"]
[Date "1995.??.??"]
[Round "6"]
[White "Moraru, Marius"]
[Black "Catoiu, Adrian"]
[Result "1-0"]
[WhiteElo "2295"]
[BlackElo "2160"]
[PlyCount "87"]
[EventDate "1995.??.??"]
[EventType "team-tourn"]
[EventRounds "9"]
[EventCountry "ROU"]
[SourceTitle "EXT 1999"]
[Source "ChessBase"]
[SourceDate "1998.11.16"]
[SourceVersion "1"]
[SourceVersionDate "1998.11.16"]
[SourceQuality "1"]

1. e4 d6 2. d4 g6 3. Nc3 Bg7 4. Be2 Nd7 5. h4 e5 6. Nf3 Ne7 7. h5 exd4 8. Nxd4 Nf6 9. h6 Bf8 10. Bg5 Neg8 11. Bc4 Be7 12. Qf3 Bg4 13. Qf4 Qd7 14. f3 Be6 15. Nd5 Bxd5 16. exd5 0-0-0 17. Bb5 c6 18. dxc6 bxc6 19. Bxc6 Qc7 20. Qd2 Nd7 21. Be3 a6 22. 0-0 Bf6 23. Bd5 Nb6 24. Nc6 Re8 25. c4 Ne7 26. Nxe7+ Rxe7 27. Bf2 Rhe8 28. Qb4 Nd7 29. Qa3 Nc5 30. Rab1 a5 31. b4 axb4 32. Rxb4 Qa7 33. Qxa7 Rxa7 34. Rfb1 Ree7 35. a3 Bg5 36. Rb8+ Kc7 37. Rh8 Bxh6 38. Rxh7 Bg5 39. Rh8 Rxa3 40. f4 Bf6 41. Rf8 Bg7 42. Rg8 Bc3 43. Bxc5 dxc5 44. Rb7+ 1-0